000 00684nam a22002297a 4500
003 UA-OsUOA
001 80719
007 ta
008 20111222b un ||||| |||| 00| 0 ukr d
100 _aІєвлев М.М.
700 _aКозловський А.О.
090 _a902
_bИ99
942 _cSA
040 _aUA-OsUOA
_bukr
_cUA-OsUOA
_dUA-OsUOA
245 _aЛьохи стародавнього Києва кінця Х- першої половини ХІІІ ст.
300 _aС.107-119
955 _a0
041 _aukr
080 _a902
773 0 _w80708
_tАрхеологія
_dК.
_d2011
_g4
650 7 _a9 Географія. Біографії. Історія
_2UDC
999 _c367034
_d367034